| 000 | 00828nam a22002297a 4500 | ||
|---|---|---|---|
| 005 | 20140310183644.0 | ||
| 008 | 131221b xxu||||| |||| 00| 0 eng d | ||
| 020 | _a9781781905111 | ||
| 050 |
_aL11 .Ed83 _b.W247 2013 |
||
| 100 | _aWankel, Charles. | ||
| 245 |
_aIncreasing student engagement and retention using classroom technologies : _bclassroom response systems and mediated discourse technologies / _cCharles Wankel, Patrick Blessinger. |
||
| 260 |
_aBingley : _bEmerald, _c2013. |
||
| 300 |
_aviii, 372 p. : _bill. ; _c23 cm. |
||
| 440 |
_aCutting-edge technologies in higher education. _v6E. |
||
| 504 | _aIncludes Index. | ||
| 521 | _aEDU | ||
| 650 | _aEducational technology. | ||
| 650 | _aOnline social networks. | ||
| 700 |
_aBlessinger, Patrick. _eauthor. |
||
| 942 |
_2lcc _cBK _kFOR |
||
| 999 |
_c25902 _d25902 |
||